Democracia, organizaciones políticas y control parlamentario (Registro nro. 172071)

Detalles MARC
000 -LEADER
fixed length control field 01521nam a22002537a 4500
007 - PHYSICAL DESCRIPTION FIXED FIELD--GENERAL INFORMATION
fixed length control field cr|||| ||||
008 - FIXED-LENGTH DATA ELEMENTS--GENERAL INFORMATION
fixed length control field 220825s2022 pe |||||s|||| 00||0 spa d
020 ## - INTERNATIONAL STANDARD BOOK NUMBER
International Standard Book Number 9786123252410
035 ## -
-- 36966
040 ## - CATALOGING SOURCE
Original cataloging agency vLex
090 ## -
-- 13835
-- 13835
100 1# - MAIN ENTRY--PERSONAL NAME
Personal name García Toma, Víctor
245 10 - TITLE STATEMENT
Title Democracia, organizaciones políticas y control parlamentario
Medium [Recurso electrónico] /
Statement of responsibility, etc Víctor García Toma
256 ## -
-- Servicio en línea
260 ## - PUBLICATION, DISTRIBUTION, ETC. (IMPRINT)
Place of publication, distribution, etc Lima:
Name of publisher, distributor, etc Palestra Editores,
Date of publication, distribution, etc 2022
300 ## - PHYSICAL DESCRIPTION
Extent 1 recurso electrónico
500 ## - GENERAL NOTE
General note La presente obra busca dar cuenta del rol protagónico que tienen las organizaciones políticas y el Parlamento para preservar la democracia. Este objetivo se logra a través de un análisis teórico, pero aterrizado en la manera en la que nuestro país ha moldeado tales instituciones. El resultado es un texto que analiza cuidadosamente, a un nivel teórico, los elementos más importantes de tales instituciones, para luego aterrizar y mostrar las peculiaridades de nuestro ordenamiento jurídico.
506 1# - RESTRICTIONS ON ACCESS NOTE
Terms governing access Disponible solo en los productos indicados
Authorized users vLex Global
-- vLex Global (Academic Edition, excluding Law Schools)
-- vLex Global (U.S. Academic Edition, Law Schools)
-- vLex Global (U.S. Academic Edition, excluding Law Schools)
-- vLex Global (Academic Edition, Law Schools)
650 04 - SUBJECT ADDED ENTRY--TOPICAL TERM
Topical term or geographic name as entry element Derecho Constitucional
Geographic subdivision Perú
740 0# -
-- vLex Libros (Servicio en línea)
856 40 - LOCALIZACIÓN Y ACCESO ELECTRÓNICO
Identificador Uniforme del Recurso (URI/URL) https://app.vlex.com/#/sources/36966
942 ## -
-- RAA
999 ## -
-- 172071
-- 172071

No hay ítems disponibles.


CONTACTO


NOSOTROS


SITIOS DE INTERES

coordinacion.biblioteca.biblioteca@unienlinea.mx Misión, Visión y Objetivos Bases de datos
Directorio Bibliotecas Digitales y Repositorios
Normatividad Revistas y artículos
Convenios interbibliotecarios
Boletines



Hecho en México. Universidad Insurgentes (UIN). Todos los derechos reservados 2024. Esta página y sus contenidos pueden ser reproducidos con fines no lucrativos, siempre y cuando no se mutile, se cite la fuente completa y su dirección electrónicas. De otra forma requiere permiso previo por escrito de la institución




2024 Copyright Universidad Insurgentes | www.bibliouin.com.mx